1.500 bài thuốc dân gian chữa bệnh
Kaydedildi:
| Yazar: | |
|---|---|
| Materyal Türü: | Kitap |
| Dil: | Undetermined |
| Baskı/Yayın Bilgisi: |
Hà Nội
Thanh Niên
2000
|
| Konular: | |
| Etiketler: |
Etiketle
Etiket eklenmemiş, İlk siz ekleyin!
|
| Thư viện lưu trữ: | Trung tâm Học liệu Trường Đại học Cần Thơ |
|---|
| LEADER | 00644nam a2200205Ia 4500 | ||
|---|---|---|---|
| 001 | CTU_37926 | ||
| 008 | 210402s9999 xx 000 0 und d | ||
| 020 | |b 22.000đ | ||
| 082 | |a 615.882 | ||
| 082 | |b V305 | ||
| 100 | |a Hồng, Minh Viễn | ||
| 245 | 0 | |a 1.500 bài thuốc dân gian chữa bệnh | |
| 245 | 0 | |c Hồng Minh Viễn, Khâu Bình, Trần Hồng Dũng | |
| 260 | |a Hà Nội | ||
| 260 | |b Thanh Niên | ||
| 260 | |c 2000 | ||
| 650 | |a Drug therapy,Folk medicine,Medicine | ||
| 650 | |x Formulae, receipts, prescriptions | ||
| 904 | |i Minh | ||
| 980 | |a Trung tâm Học liệu Trường Đại học Cần Thơ | ||